[Event "56.SMM Brixen/Milland - Gröden 1"]
[Site "?"]
[Date "2024.11.16"]
[Round "2.1"]
[White "Casadio, Niccolò"]
[Black "Brenninger, Daniel"]
[Result "0-1"]
[WhiteElo "2229"]
[BlackElo "2089"]
[PlyCount "118"]
[EventDate "2024.??.??"]
[SourceVersionDate "2024.11.17"]

{[%evp 0,118,30,20,74,67,67,40,50,37,23,33,60,48,48,44,35,26,22,3,15,-6,-6,-5,-5,-30,0,9,5,12,9,-39,-40,-93,-86,-86,-82,-156,-177,-177,-108,-108,-127,-247,-247,-270,-270,-242,-270,-270,-266,-257,-269,-1925,-2000,-2231,-2629,-2381,-2827,-3055,-1190,-1331,-1412,-1412,-833,-833,-830,-1181,-826,-970,-1008,-1037,-1038,-1091,-1000,-1130,-690,-707,-783,-758,-664,-783,-672,-850,-892,-926,-926,-926,-948,-980,-839,-1065,-1175,-1622,-1697,-2300,-3325,-29985,-29986,-29987,-29988,-29989,-29988,-29991,-29986,-29987,-29988,-29989,-29990,-29991,-29990,-29993,-29994,-29995,-29994,-29995,-29996,-29997,-29998,-29999,-30000]} 1. e4 Nf6 2. e5 Nd5 3. d4 d6 4. c4 Nb6 5. exd6 cxd6 6. Nc3 g6 7. Nf3 Bg7 8. a4 Bg4 9. a5 N6d7 10. Be3 Nc6 11. a6 bxa6 12. Rxa6 Bxf3 13. gxf3 Nb4 14. Ra4 a5 15. b3 O-O 16. Ra3 e5 17. d5 f5 18. Na4 f4 19. Bd2 Qh4 20. Nc3 Nc5 21. Ne4 Nxe4 22. fxe4 f3 23. Qb1 Bh6 24. Bxh6 Qxh6 25. h4 Rf4 26. Rh3 Rxe4+ 27. Be2 Rxe2+ 28. Kf1 Rxf2+ 29. Kg1 Rc2 30. Ra1 Qe3+ 31. Kh1 Qf2 32. Qg1 Nd3 33. h5 Qxg1+ 34. Kxg1 Rg2+ 35. Kf1 e4 36. b4 Nxb4 37. Re1 Re2 38. Rxe2 fxe2+ 39. Kxe2 gxh5 40. Ra3 h4 41. Kf2 a4 42. Ke2 Kf7 43. Kd2 Nd3 44. Ke3 Nc5 45. Kd4 Kg6 46. Ke3 Rf8 47. Kd4 Rf3 48. Rb3 Nxb3+ 49. Kxe4 Rc3 50. c5 Rxc5 51. Kf4 Rxd5 52. Ke4 Rd4+ 53. Kf3 a3 54. Kg2 Rd3 55. Kh2 Rg3 56. Kh1 a2 57. Kh2 Kg5 58. Kh1 a1=Q+ 59. Kh2 Qg1# 0-1

[Event "56.SMM Brixen/Milland - Gröden 1"]
[Site "?"]
[Date "2024.11.16"]
[Round "2.2"]
[White "Sader, Michael"]
[Black "Moroder, Stefan"]
[Result "0-1"]
[WhiteElo "2054"]
[BlackElo "2173"]
[PlyCount "54"]
[EventDate "2024.??.??"]
[SourceVersionDate "2024.11.17"]

{[%evp 0,54,16,-16,-16,-11,-24,-33,-8,-36,-44,-60,-55,-69,-43,-116,-138,-130,-98,-98,-82,-81,-55,-65,-61,-50,-51,-98,-61,-60,-49,-70,-81,-91,-114,-124,-94,-178,-141,-410,-416,-644,-693,-691,-691,-727,-727,-1005,-816,-1002,-772,-907,-723,-797,-550,-550,-550]} 1. c4 Nf6 2. Nc3 e5 3. g3 Bb4 4. Qb3 Nc6 5. a3 Bxc3 6. Qxc3 d5 7. e3 O-O 8. d3 Re8 9. cxd5 Nxd5 10. Qc2 Bg4 11. f3 Bh5 12. Bd2 Qd7 13. O-O-O a5 14. h4 f6 15. Bh3 Qd6 16. Bf5 Bf7 17. h5 Ra6 18. Ne2 Ncb4 19. axb4 axb4 20. Nc3 bxc3 21. Bxc3 Nxe3 22. Bxh7+ Kxh7 23. Qb1 Nxd1 24. d4+ Kg8 25. Rxd1 Rea8 26. dxe5 Qxd1+ 27. Kxd1 Ra1 0-1

[Event "56.SMM Brixen/Milland - Gröden 1"]
[Site "?"]
[Date "2024.11.16"]
[Round "2.3"]
[White "Demetz, Rainer"]
[Black "Kofler, Thomas"]
[Result "1-0"]
[WhiteElo "2199"]
[BlackElo "1976"]
[PlyCount "101"]
[EventDate "2024.??.??"]
[SourceVersionDate "2024.11.17"]

{[%evp 0,91,16,5,20,8,25,-19,30,-7,4,1,-7,-7,29,23,22,0,50,41,43,51,28,28,6,8,51,51,74,64,71,63,74,55,63,63,63,85,85,116,111,116,116,100,91,91,100,99,78,55,69,70,108,105,105,71,86,75,113,93,102,119,116,110,110,85,181,102,88,90,90,112,92,114,128,122,132,88,166,148,179,143,179,46,56,160,183,98,152,209,222,113,254,308]} 1. e4 e5 2. Nf3 Nf6 3. d3 d6 4. g3 Bg4 5. Bg2 Be7 6. h3 Bh5 7. g4 Bg6 8. Nh4 c5 9. Nc3 Nc6 10. Nf5 Bxf5 11. exf5 h6 12. f4 Nd7 13. O-O a6 14. Nd5 Nb6 15. Nxe7 Qxe7 16. Bxc6+ bxc6 17. fxe5 dxe5 18. Qf3 Rc8 19. f6 gxf6 20. Qxf6 Qxf6 21. Rxf6 h5 22. g5 Nd7 23. Rf5 Ke7 24. Bd2 Ke6 25. Raf1 Rh7 26. Kh2 Rg8 27. R5f2 Rg6 28. Be3 Rg8 29. Kg3 f6 30. Rxf6+ Nxf6 31. Rxf6+ Kd7 32. Kh4 c4 33. g6 Re7 34. Kxh5 cxd3 35. cxd3 e4 36. dxe4 Rxe4 37. Rf7+ Ke6 38. Bg5 Rb4 39. Re7+ Kf5 40. Rf7+ Ke6 41. Rf6+ Kd7 42. Rf7+ Ke6 43. Kh6 Rxb2 44. Rf6+ Kd5 45. g7 Rxa2 46. Rf8 Rxg7 47. Kxg7 Rg2 48. Kg6 Re2 49. h4 c5 50. h5 Re6+ 51. Rf6 1-0

[Event "56.SMM Brixen/Milland - Gröden 1"]
[Site "?"]
[Date "2024.11.16"]
[Round "2.4"]
[White "Paulmichl, Martin"]
[Black "Bernardi, Ruben"]
[Result "0-1"]
[WhiteElo "1945"]
[BlackElo "2070"]
[PlyCount "124"]
[EventDate "2024.??.??"]
[SourceVersionDate "2024.11.17"]

{[%evp 0,12,19,-13,-40,-25,-21,-64,-55,-59,-12,-12,-12,-15,-15]} 1. f4 d5 2. Nf3 g6 3. g3 Bg7 4. Bg2 c5 5. O-O Nc6 6. d3 Nh6 7. c3 O-O 8. e4 d4 9. Qc2 e5 10. Na3 Be6 11. Ng5 Bd7 12. Bd2 Qe7 13. Rae1 f6 14. Nh3 dxc3 15. bxc3 Nf7 16. Nc4 Rad8 17. f5 Nd6 18. Ne3 Qf7 19. g4 g5 20. Nd5 Ne7 21. c4 h6 22. Nf2 Nc6 23. Bc3 Be8 24. Bf3 Qd7 25. Rb1 Rc8 26. Nd1 b5 27. cxb5 Nd4 28. Bxd4 cxd4 29. Qb3 Bf7 30. a4 Rc5 31. Qb2 Rfc8 32. Nb4 Nb7 33. Nc6 Nd8 34. Nb4 Bf8 35. Rf2 Ra8 36. Na6 Rcc8 37. Rc1 Nb7 38. Rfc2 Bd6 39. Nb4 Na5 40. Nd5 Kg7 41. Qa2 Qd8 42. Nb2 Rxc2 43. Rxc2 Nb7 44. Nc4 Bf8 45. Qb2 Nc5 46. Nb4 Nxa4 47. Qb3 Nc3 48. Na2 Nxa2 49. Qxa2 Bb4 50. Qa6 Qc8 51. Qa4 Qf8 52. Na5 Bc3 53. Nc6 Qc5 54. Rc1 Be8 55. Qa6 Qb6 56. Qa4 a6 57. Ne7 Qxb5 58. Qa2 Bf7 59. Nd5 Qxd3 60. Qg2 Bxd5 61. Rxc3 dxc3 62. exd5 c2 0-1

[Event "56.SMM Brixen/Milland - Gröden 1"]
[Site "?"]
[Date "2024.11.16"]
[Round "2.5"]
[White "Moroder, Thomas"]
[Black "Pfeifhofer, Helmuth"]
[Result "1-0"]
[WhiteElo "2029"]
[BlackElo "1801"]
[PlyCount "47"]
[EventDate "2024.??.??"]
[SourceVersionDate "2024.11.18"]

{[%evp 0,47,46,42,46,30,45,13,9,-10,1,-5,-9,3,47,9,4,3,3,9,9,-11,68,70,234,184,196,183,183,175,175,179,452,409,494,494,489,489,502,511,644,632,694,615,623,667,667,636,860,865]} 1. e4 e6 2. d4 d5 3. e5 c5 4. c3 Nc6 5. Nf3 Qb6 6. a3 c4 7. g3 Na5 8. Nbd2 Bd7 9. h4 Ne7 10. Bh3 Nb3 11. Nxb3 Ba4 12. Ng5 Qxb3 13. Qf3 Nf5 14. Bxf5 exf5 15. e6 O-O-O 16. Nxf7 Re8 17. Nxh8 Rxe6+ 18. Kf1 Qc2 19. Nf7 f4 20. Ne5 Rf6 21. Qg4+ Rf5 22. Bxf4 h5 23. Qe2 Qb3 24. Ng6 1-0

[Event "56.SMM Gröden 2-Deutschnofen/Alp"]
[Site "?"]
[Date "2024.11.16"]
[Round "2.1"]
[White "Dappiano, Andrea"]
[Black "Luciani, Valerio"]
[Result "1-0"]
[WhiteElo "2286"]
[BlackElo "2157"]
[PlyCount "73"]
[EventDate "2024.??.??"]
[SourceVersionDate "2024.11.17"]

{[%evp 0,73,27,22,45,31,18,22,42,51,51,51,51,55,62,62,77,56,66,47,47,42,57,44,44,51,43,51,41,12,7,-6,12,-4,10,-1,24,15,9,8,13,12,28,14,25,19,33,36,36,44,46,46,37,55,50,30,76,46,42,31,31,24,58,51,90,47,47,47,88,91,156,170,156,170,160,154]} 1. e4 e6 2. Nf3 d5 3. Nc3 dxe4 4. Nxe4 Nd7 5. d4 Ngf6 6. Bd3 Be7 7. Nxf6+ Bxf6 8. c3 c5 9. Be3 cxd4 10. Nxd4 O-O 11. O-O Qe7 12. Nb5 Ne5 13. Be4 a6 14. Nd6 Rd8 15. Nxc8 Raxc8 16. Qc2 h6 17. Rad1 Qc7 18. g3 b5 19. a3 Nc4 20. Bc1 Kf8 21. Qe2 Rxd1 22. Rxd1 Rd8 23. Rxd8+ Qxd8 24. h4 Be7 25. a4 Qc7 26. axb5 axb5 27. Bd3 Bc5 28. Kh2 Qb6 29. Kg2 Qc6+ 30. Be4 Qd7 31. Bf3 Nd6 32. b4 Bb6 33. Bf4 Ne8 34. Qe4 Nf6 35. Qa8+ Qd8 36. Qc6 Nd5 37. Bd6+ 1-0

[Event "56.SMM Gröden 2-Deutschnofen/Alp"]
[Site "?"]
[Date "2024.11.16"]
[Round "2.2"]
[White "Kasslatter, Matthias"]
[Black "Lain, Luigi"]
[Result "0-1"]
[WhiteElo "1767"]
[BlackElo "2239"]
[PlyCount "52"]
[EventDate "2024.??.??"]
[SourceVersionDate "2024.11.17"]

{[%evp 0,52,26,21,21,17,21,8,29,29,29,-4,-4,-2,25,22,22,-2,10,-5,3,4,29,20,42,27,40,16,43,10,3,-15,-36,-42,-34,-58,-47,-36,-36,-56,-57,-129,-152,-157,-166,-158,-170,-201,-171,-233,-180,-233,-245,-360,-450]} 1. e4 e5 2. Nf3 Nc6 3. d4 exd4 4. Nxd4 Bc5 5. Nb3 Bb6 6. Nc3 Qf6 7. Qe2 Nge7 8. Be3 d6 9. O-O-O Bd7 10. Kb1 O-O-O 11. g3 g5 12. Bg2 h5 13. Rhf1 g4 14. Bxb6 axb6 15. Qe3 h4 16. Nd4 hxg3 17. hxg3 Rh2 18. Nxc6 Bxc6 19. Bh1 Rdh8 20. Nd5 Nxd5 21. exd5 Bb5 22. Rfe1 Qxf2 23. Qxf2 Rxf2 24. Be4 Rh3 25. Re3 f5 26. Bh1 Rf1 0-1

[Event "56.SMM Gröden 2-Deutschnofen/Alp"]
[Site "?"]
[Date "2024.11.16"]
[Round "2.3"]
[White "Micheli, Carlo"]
[Black "Scola, Matteo"]
[Result "1-0"]
[WhiteElo "2143"]
[BlackElo "1803"]
[PlyCount "95"]
[EventDate "2024.??.??"]
[SourceVersionDate "2024.11.17"]

{[%evp 0,95,21,-23,-12,-51,17,-35,-35,-38,9,18,2,13,30,22,17,14,20,20,40,40,79,46,59,48,48,67,59,52,33,37,67,95,88,60,85,88,88,89,89,69,69,67,61,70,70,73,72,73,70,70,68,66,90,68,94,86,104,92,95,87,145,99,171,48,75,60,139,139,164,170,153,170,231,249,264,266,284,249,249,249,321,325,333,345,352,121,130,260,377,393,389,211,499,787,832,951]} 1. c4 Nf6 2. g3 c6 3. d3 d5 4. Nd2 g6 5. Ngf3 Bg7 6. Bg2 Nbd7 7. O-O O-O 8. Rb1 dxc4 9. Nxc4 Ng4 10. Bf4 e5 11. Bd2 Qe7 12. h3 Ngf6 13. e4 Rd8 14. Qc2 Ne8 15. Rfd1 Nd6 16. Bg5 f6 17. Be3 Kh8 18. Nxd6 Qxd6 19. d4 Qe7 20. dxe5 Nxe5 21. Nxe5 Rxd1+ 22. Rxd1 fxe5 23. Qd2 Bf6 24. Qa5 Be6 25. b3 a6 26. Bc5 Qe8 27. Bb6 Bd7 28. h4 Kg7 29. Rd3 Kf7 30. Bf1 Rc8 31. Qd2 Be6 32. b4 h5 33. Kh2 Qe7 34. Bh3 Bxh3 35. Kxh3 Qe6+ 36. Kg2 Re8 37. Bc5 Be7 38. Rd7 Kg8 39. Rxb7 Bxc5 40. bxc5 Re7 41. Qd8+ Kf7 42. Rxe7+ Qxe7 43. Qxe7+ Kxe7 44. f4 Ke6 45. Kf3 a5 46. g4 exf4 47. Kxf4 hxg4 48. Kxg4 1-0

[Event "56.SMM Gröden 2-Deutschnofen/Alp"]
[Site "?"]
[Date "2024.11.16"]
[Round "2.4"]
[White "Knottner, Klaus"]
[Black "Gennari, Jacopo"]
[Result "0-1"]
[WhiteElo "1768"]
[BlackElo "2127"]
[PlyCount "62"]
[EventDate "2024.??.??"]
[SourceVersionDate "2024.11.17"]

{[%evp 0,62,21,21,45,38,38,34,46,-24,9,6,0,14,10,0,38,39,38,62,62,51,77,77,78,78,78,77,74,0,32,-26,-37,-82,-82,-280,-288,-262,-207,-207,-206,-206,-160,-144,-138,-141,-125,-130,-120,-130,-134,-134,-120,-161,-156,-175,-167,-179,-145,-347,-280,-426,-417,-29997,-29998]} 1. e4 e6 2. d4 d5 3. Nd2 c5 4. c3 Nf6 5. e5 Nfd7 6. Bd3 Nc6 7. Ndf3 Qb6 8. Ne2 f6 9. exf6 Nxf6 10. O-O cxd4 11. Nexd4 Bd6 12. Nb5 Bb8 13. Be3 Qd8 14. Bg5 O-O 15. Qc2 h6 16. Bh4 e5 17. Bg6 a6 18. Na3 e4 19. Nd4 Bxh2+ 20. Kh1 Nxd4 21. cxd4 Bd6 22. Qb3 Kh8 23. Nc2 b5 24. Ne3 Be6 25. Rac1 Qd7 26. Rc3 b4 27. Rc2 a5 28. a4 Ng4 29. Nxg4 Bxg4 30. Qxd5 Bf3 31. Bxe4 Qh3+ 0-1

[Event "56.SMM Gröden 2-Deutschnofen/Alp"]
[Site "?"]
[Date "2024.11.16"]
[Round "2.5"]
[White "Thurner, Markus"]
[Black "Demetz, Josef"]
[Result "1-0"]
[WhiteElo "1968"]
[BlackElo "1653"]
[PlyCount "69"]
[EventDate "2024.??.??"]
[SourceVersionDate "2024.11.17"]

{[%evp 0,69,27,21,25,34,54,55,67,67,67,47,59,32,92,68,76,46,44,45,44,46,30,21,10,-3,-8,-28,25,-64,109,107,107,121,180,188,168,50,77,69,69,75,75,84,80,81,137,139,151,110,123,99,111,107,121,120,113,96,115,113,127,116,117,117,117,132,191,166,252,269,655,808]} 1. e4 d5 2. exd5 Qxd5 3. Nc3 Qa5 4. d4 Nf6 5. Bc4 Bf5 6. Nge2 c6 7. Bf4 e6 8. a3 Be7 9. Ng3 Bg6 10. h4 h6 11. h5 Bh7 12. Qe2 Nd5 13. Bxd5 cxd5 14. Be5 f6 15. Bxb8 Rxb8 16. Qxe6 Bxc2 17. O-O Qa6 18. Qxa6 bxa6 19. Nxd5 Kf7 20. Nxe7 Kxe7 21. b4 Rhd8 22. Rac1 Ba4 23. Rc7+ Kf8 24. Re1 Rd7 25. Rxd7 Bxd7 26. Rc1 Rc8 27. Rc5 Ke7 28. Kf1 Rxc5 29. bxc5 Ke6 30. Ke2 Kd5 31. Kd3 Bb5+ 32. Kc3 Bd7 33. f3 Bb5 34. Nf5 Bf1 35. Ne3+ 1-0

[Event "56.SMM Gröden 2-Deutschnofen/Alp"]
[Site "?"]
[Date "2024.11.16"]
[Round "2.6"]
[White "Demetz, Bean"]
[Black "Hofer, Alois"]
[Result "1-0"]
[WhiteElo "1530"]
[BlackElo "1804"]
[PlyCount "49"]
[EventDate "2024.??.??"]
[SourceVersionDate "2024.11.17"]

{[%evp 0,49,25,21,77,75,77,69,75,71,96,79,70,55,59,43,91,78,71,68,71,71,106,-9,40,47,126,98,329,173,164,101,294,139,198,119,246,211,370,219,256,215,386,385,342,470,502,502,876,349,719,768]} 1. e4 d6 2. d4 g6 3. Nf3 Bg7 4. Nc3 e6 5. Bc4 Ne7 6. Bg5 O-O 7. Qd2 c6 8. h4 f6 9. Bh6 b5 10. Bb3 d5 11. e5 Nf5 12. Bxg7 Kxg7 13. g4 Ne7 14. Qe3 Ng8 15. g5 fxe5 16. Nxe5 Rf5 17. f4 Qf8 18. Ne2 b4 19. c4 bxc3 20. bxc3 Qa3 21. Ng3 Rf8 22. h5 Ne7 23. hxg6 hxg6 24. Qe2 Rg8 25. Nh5+ 1-0

[Event "56.SMM CSK Merania-Kaltern/Tramin"]
[Site "Meran"]
[Date "2024.11.16"]
[Round "2.1"]
[White "Panjkovic, Alexandar"]
[Black "De Santis, Alessio"]
[Result "1/2-1/2"]
[WhiteElo "2054"]
[BlackElo "2120"]
[PlyCount "41"]
[EventDate "2024.11.02"]
[EventType "team"]
[SourceVersionDate "2024.11.03"]

{[%evp 0,41,46,26,29,29,44,39,26,32,68,4,6,-14,29,16,27,18,22,14,14,11,19,13,21,10,38,24,43,29,30,-14,8,-4,3,-3,22,12,19,3,23,25,23,16]} 1. d4 Nf6 2. Nf3 b6 3. e3 Bb7 4. Bd3 c5 5. Nbd2 Nc6 6. a3 cxd4 7. exd4 e6 8. O-O Be7 9. Re1 O-O 10. Ne4 Nxe4 11. Bxe4 d5 12. Bd3 a5 13. Qe2 Qc8 14. c3 Ba6 15. Ne5 Nxe5 16. Bxa6 Qxa6 17. Qxe5 Qd3 18. Qc7 Bd8 19. Qb7 Qa6 20. Qxa6 Rxa6 21. a4 1/2-1/2

[Event "56.SMM CSK Merania-Kaltern/Tramin"]
[Site "Meran"]
[Date "2024.11.16"]
[Round "2.2"]
[White "Bonagura, Stefano"]
[Black "Maier, Fridolin"]
[Result "1-0"]
[WhiteElo "2173"]
[BlackElo "1909"]
[PlyCount "67"]
[EventDate "2024.11.02"]
[EventType "team"]
[SourceVersionDate "2024.11.03"]

{[%evp 0,67,29,24,11,17,21,6,15,-8,-8,-8,-8,2,3,3,0,-4,-4,26,29,4,4,4,12,-33,-33,-31,-25,-24,-15,-28,30,0,9,-22,-9,-5,0,-21,-17,-55,-21,-38,23,-11,13,13,40,46,79,79,83,86,92,88,189,232,279,284,291,306,304,314,428,310,617,625,624,504]} 1. e4 e5 2. Nf3 Nf6 3. Nc3 Nc6 4. d4 exd4 5. Nxd4 Bb4 6. Nxc6 bxc6 7. Bd3 O-O 8. O-O Re8 9. Qf3 d5 10. exd5 cxd5 11. Bg5 c6 12. Bxf6 Qxf6 13. Qxf6 gxf6 14. Ne2 Bg4 15. Ng3 h5 16. c3 Bc5 17. Rfe1 Re5 18. h3 h4 19. Nf1 Bh5 20. Nd2 Rae8 21. Kf1 Kg7 22. b4 Bb6 23. a4 Bg6 24. Bxg6 Rxe1+ 25. Rxe1 Rxe1+ 26. Kxe1 fxg6 27. Nf3 g5 28. a5 Bc7 29. Nd4 Be5 30. Nxc6 Bxc3+ 31. Ke2 Kf7 32. b5 Ke6 33. b6 axb6 34. axb6 1-0

[Event "56.SMM CSK Merania-Kaltern/Tramin"]
[Site "Meran"]
[Date "2024.11.16"]
[Round "2.3"]
[White "Dibiasi, Rainer"]
[Black "Lami, Damiano"]
[Result "0-1"]
[WhiteElo "1878"]
[BlackElo "2064"]
[PlyCount "148"]
[EventDate "2024.11.02"]
[EventType "team"]
[SourceVersionDate "2024.11.03"]

{[%evp 0,148,24,4,-14,-17,-16,-16,17,5,18,19,20,-4,8,-31,-39,-26,-26,-58,-11,-12,1,-10,2,-33,-39,-28,-34,-55,-34,-35,-35,-28,-29,-26,-11,-15,-13,-3,0,-57,-49,-50,-6,-49,-38,-33,-20,-18,5,-5,-2,6,18,0,4,22,17,8,11,6,11,-8,1,-3,13,-16,0,11,20,8,0,10,8,2,2,0,9,2,23,16,26,7,5,0,16,29,7,1,20,24,18,32,38,25,56,22,23,23,11,13,2,0,0,0,0,-3,0,0,0,0,0,0,0,-56,-48,-63,-19,-22,0,1,1,0,0,0,0,0,0,0,0,0,0,0,0,0,0,0,0,-22,-15,-47,-25,-3,0,0,0,0,0,-507,-507]} 1. g3 d5 2. Bg2 Nf6 3. Nf3 e6 4. O-O Be7 5. d3 O-O 6. Nbd2 Nc6 7. Re1 e5 8. e4 dxe4 9. dxe4 Bc5 10. Qe2 Bg4 11. Nb3 Bb6 12. c3 Qd7 13. Be3 Rfd8 14. Qc2 Bh3 15. Rad1 Qg4 16. Rxd8+ Rxd8 17. Nbd2 Bxe3 18. Rxe3 Bxg2 19. Kxg2 Nh5 20. Ng1 Nf4+ 21. Kf1 Nh3 22. Kg2 Nxg1 23. Kxg1 Qd7 24. Re2 h5 25. Nf3 Qg4 26. Kg2 Qe6 27. b3 Qg4 28. h3 Qg6 29. Nh4 Qd6 30. Nf3 Qd3 31. Rd2 Qxc2 32. Rxc2 Rd3 33. Nd2 b5 34. Nf1 Kf8 35. Ne3 Nd8 36. Kf1 Ne6 37. Ke2 Rd6 38. h4 Rc6 39. Kd2 g5 40. Nf5 g4 41. Ke3 a5 42. c4 Ng7 43. f4 gxf3 44. Kxf3 Nxf5 45. exf5 bxc4 46. bxc4 Rd6 47. c5 Rd4 48. f6 Kg8 49. Re2 Rd5 50. c6 Kh7 51. Ke4 Rc5 52. Kf5 e4+ 53. Kxe4 Kg6 54. Kd4 Rxc6 55. Re5 a4 56. Rg5+ Kh6 57. g4 hxg4 58. Rxg4 Rxf6 59. Kc5 Rf2 60. Rxa4 f5 61. Kd5 Re2 62. Rc4 Rxa2 63. Rxc7 Ra5+ 64. Ke6 Kg6 65. Rc4 Ra1 66. Ke5 Rf1 67. Rf4 Re1+ 68. Kd5 Kf6 69. Kd4 Ke6 70. Kd3 Ke5 71. Ra4 f4 72. Ra5+ Kf6 73. h5 f3 74. Kd2 f2 0-1

[Event "56.SMM CSK Merania-Kaltern/Tramin"]
[Site "Meran"]
[Date "2024.11.16"]
[Round "2.4"]
[White "Teutsch, Alexander"]
[Black "Florian, Andreas"]
[Result "1-0"]
[WhiteElo "2067"]
[BlackElo "1714"]
[PlyCount "63"]
[EventDate "2024.11.02"]
[EventType "team"]
[SourceVersionDate "2024.11.03"]

{[%evp 0,63,29,29,23,17,9,9,3,5,19,3,-4,4,8,-20,-4,-8,8,-3,20,9,3,2,14,30,32,26,73,23,36,45,35,31,98,133,177,163,256,151,410,359,348,393,408,449,444,445,458,448,454,455,483,459,471,453,471,357,471,429,462,474,474,509,1049,1196]} 1. Nf3 e6 2. g3 Nf6 3. Bg2 d5 4. O-O Be7 5. b3 O-O 6. Bb2 c5 7. c4 Nc6 8. e3 a6 9. Na3 Rb8 10. d4 b6 11. Qe2 Bb7 12. Rfd1 Qc7 13. Rac1 Rbc8 14. Ne5 Rfd8 15. cxd5 exd5 16. Nc2 Bd6 17. Nxc6 Bxc6 18. dxc5 Bxc5 19. Nd4 Qe7 20. Nxc6 Rxc6 21. b4 Rc7 22. bxc5 bxc5 23. Bxf6 Qxf6 24. Rxd5 Rxd5 25. Bxd5 Qe5 26. Qc4 g6 27. Rd1 Qf6 28. Qf4 Qe7 29. Bc4 Rc6 30. Qb8+ Kg7 31. Rd8 Qe4 32. Bd5 1-0

[Event "56.SMM CSK Merania-Kaltern/Tramin"]
[Site "Meran"]
[Date "2024.11.16"]
[Round "2.5"]
[White "Thaler, Elmar"]
[Black "Zuev, Mikhail"]
[Result "1/2-1/2"]
[WhiteElo "1869"]
[BlackElo "1890"]
[PlyCount "96"]
[EventDate "2024.11.02"]
[EventType "team"]
[SourceVersionDate "2024.11.03"]

{[%evp 0,96,29,29,29,0,30,28,24,39,47,41,53,43,46,42,42,58,57,57,62,-12,57,58,58,15,8,24,31,23,25,18,18,2,17,17,22,14,6,-16,11,10,24,-6,13,8,21,34,28,25,28,13,20,-15,16,10,26,-15,12,-32,3,5,32,5,19,5,14,5,14,2,11,0,51,-29,-38,-93,-81,-100,-81,-102,-48,-188,-163,-191,-197,-178,-166,-172,-106,-107,-45,-46,-25,-26,-25,-21,-21,-34,-34]} 1. d4 d5 2. c4 c6 3. Nf3 Nf6 4. e3 g6 5. Nc3 Bg7 6. Bd3 O-O 7. O-O Bg4 8. h3 Bxf3 9. Qxf3 Re8 10. b3 e6 11. Bb2 Nbd7 12. Qd1 e5 13. cxd5 cxd5 14. dxe5 Nxe5 15. Bb5 Nc6 16. Ne2 Qb6 17. Bxc6 bxc6 18. Rc1 Rac8 19. Nc3 Ne4 20. Qc2 f5 21. Na4 Qc7 22. Rfd1 Qf7 23. Bxg7 Kxg7 24. Nc5 Nd6 25. g3 Ne4 26. Rd4 Ng5 27. Kg2 Qf6 28. Qc3 Ne4 29. Qa5 Qf7 30. Qa6 Nd6 31. a4 Rc7 32. Qa5 Rec8 33. Na6 Rb7 34. Qc3 Kg8 35. Nc5 Ne4 36. Nxe4 fxe4 37. Rb4 Qf3+ 38. Kg1 Rf7 39. Qd2 h5 40. Rf1 h4 41. Qd1 hxg3 42. Qxf3 Rxf3 43. Rb7 gxf2+ 44. Rxf2 Rxf2 45. Kxf2 Rf8+ 46. Ke2 Rf7 47. Rb8+ Rf8 48. Rb7 Rf7 1/2-1/2

[Event "56.SMM CSK Merania-Kaltern/Tramin"]
[Site "Meran"]
[Date "2024.11.16"]
[Round "2.6"]
[White "Battiston, Claudio"]
[Black "Unterkofler, Alex"]
[Result "1-0"]
[WhiteElo "1875"]
[BlackElo "1878"]
[PlyCount "81"]
[EventDate "2024.11.02"]
[EventType "team"]
[SourceVersionDate "2024.11.03"]

{[%evp 0,81,29,11,46,59,104,39,45,36,32,26,50,37,29,23,35,40,37,39,47,33,29,25,19,19,14,30,103,121,132,132,116,116,151,137,137,137,137,56,56,18,73,92,323,328,349,340,363,308,309,276,268,221,241,227,236,231,256,232,242,243,252,221,252,198,304,309,333,343,397,343,474,422,421,420,522,455,503,409,541,534,578,585]} 1. e4 c5 2. Nf3 g6 3. c3 d5 4. exd5 Qxd5 5. d4 Nc6 6. Be2 Bg7 7. dxc5 Qxd1+ 8. Bxd1 Nf6 9. O-O O-O 10. Nbd2 Bf5 11. Nb3 e5 12. Re1 Rad8 13. Be2 a5 14. Bb5 e4 15. Bxc6 bxc6 16. Nfd4 a4 17. Nxf5 gxf5 18. Nd4 Rd5 19. Bf4 Rc8 20. Bd6 Nd7 21. Rad1 Rxc5 22. Bxc5 Nxc5 23. Nxf5 Rb8 24. Nxg7 Kxg7 25. Rd2 f5 26. Rb1 Nd3 27. b4 Kf6 28. Rbd1 Rd8 29. Kf1 Ke5 30. g3 c5 31. bxc5 Rc8 32. Ke2 Nxc5 33. Rd5+ Kf6 34. Rd6+ Kg5 35. R1d4 Rb8 36. Rb4 Re8 37. h4+ Kh5 38. Rb5 Rc8 39. Rd5 Ne6 40. Rxf5+ Kg4 41. Rfe5 1-0

[Event "56.SMM ASD Arci BZ-Klausen/Rk"]
[Site "?"]
[Date "2024.11.16"]
[Round "2.1"]
[White "Schacher, Gerd"]
[Black "Zammarchi, Massimo"]
[Result "1-0"]
[WhiteElo "2248"]
[BlackElo "1976"]
[PlyCount "89"]
[EventDate "2024.??.??"]

{[%evp 0,89,20,-26,66,32,32,24,86,70,75,69,69,-2,34,36,26,20,13,14,51,40,48,25,58,29,71,51,51,69,105,96,110,104,93,86,158,138,164,109,108,85,134,108,143,59,125,125,112,60,243,250,276,223,296,304,325,361,361,408,452,328,341,550,677,529,605,428,428,432,467,431,489,454,491,396,439,494,805,342,388,397,365,340,389,383,423,397,415,416,434,413]} 1. c4 f5 2. Nf3 Nf6 3. g3 g6 4. Nc3 Bg7 5. Bg2 d6 6. Rb1 e5 7. d3 O-O 8. O-O Nc6 9. b4 h6 10. b5 Ne7 11. Qb3 Kh8 12. c5 g5 13. cxd6 cxd6 14. Ba3 Ng6 15. Nd2 Re8 16. Nc4 Bf8 17. Nd5 Nxd5 18. Bxd5 Qf6 19. Na5 Rb8 20. b6 a6 21. Rfc1 Ne7 22. Bf7 Rd8 23. Rc7 Bg7 24. Bh5 Be6 25. Qc2 f4 26. Rxb7 fxg3 27. hxg3 Rxb7 28. Nxb7 Rf8 29. e4 g4 30. Bxd6 Rc8 31. Bc7 Rf8 32. Nd6 Nc6 33. b7 Nd4 34. Qb2 Qf3 35. b8=Q Ne2+ 36. Qxe2 Qxe2 37. Qa7 Kh7 38. Nf5 Bxf5 39. exf5 Rxf5 40. Be8 Qxd3 41. Qb6 Rf8 42. Bc6 Rf6 43. Re1 Qd2 44. Be4+ Kh8 45. Qe3 1-0

[Event "56.SMM ASD Arci BZ-Klausen/Rk"]
[Site "?"]
[Date "2024.11.16"]
[Round "2.2"]
[White "Benvenuto, Alexander"]
[Black "Seebacher, Michael"]
[Result "0-1"]
[WhiteElo "1783"]
[BlackElo "2116"]
[PlyCount "87"]
[EventDate "2024.??.??"]

{[%evp 0,87,20,20,58,48,48,27,66,15,82,77,48,16,40,13,15,30,20,20,27,15,15,24,23,27,40,40,40,39,46,38,45,40,39,-11,-31,-4,-1,-42,2,-7,-7,-7,7,17,6,2,17,-7,-1,4,8,8,7,0,9,-6,28,0,-4,-6,24,16,9,5,5,-231,-269,-269,-187,-142,-165,-315,-338,-405,-338,-521,-527,-584,-578,-586,-615,-649,-599,-614,-603,-645,-647,-670]} 1. d4 c5 2. e3 Nf6 3. Nf3 b6 4. b3 g6 5. Bb2 Bg7 6. Be2 O-O 7. O-O d6 8. c4 Nbd7 9. Nc3 Bb7 10. Qc2 cxd4 11. exd4 d5 12. Rad1 Rc8 13. Ne5 Qc7 14. f4 a6 15. Qd3 Rfd8 16. Qe3 e6 17. Ba3 dxc4 18. bxc4 b5 19. c5 Nd5 20. Nxd5 Bxd5 21. Qd2 Nf6 22. Bb4 Ne4 23. Qe1 Re8 24. Bf3 Nf6 25. a3 Bxf3 26. Rxf3 Nd5 27. Ba5 Qe7 28. Qg3 f6 29. Ng4 Qd7 30. Qh4 Rf8 31. Rh3 Nxf4 32. Qxh7+ Kf7 33. Rh4 Rh8 34. Nh6+ Ke8 35. Qxh8+ Bxh8 36. Rxf4 f5 37. Rh4 Bg7 38. d5 Rxc5 39. d6 Rc4 40. Rh3 Rd4 41. Re1 Qxd6 42. Rhe3 Re4 43. Rxe4 fxe4 44. Ng4 0-1